5HLuxD.jpg

KING HENRY VIII SENIOR AND PRIMARY SCHOOL LIBRARY OPAC

Collins Spanish dictionary & grammar / (Record no. 430)

000 -LEADER
fixed length control field 01253pam a2200397 i 4500
001 - CONTROL NUMBER
control field 019849500
003 - CONTROL NUMBER IDENTIFIER
control field UkOxU
005 - DATE AND TIME OF LATEST TRANSACTION
control field 20190814140246.0
008 - FIXED-LENGTH DATA ELEMENTS--GENERAL INFORMATION
fixed length control field 140106s2014 stk 001 0 eng d
015 ## - NATIONAL BIBLIOGRAPHY NUMBER
National bibliography number GBB423420
Source bnb
020 ## - INTERNATIONAL STANDARD BOOK NUMBER
International Standard Book Number 9780007484362 (pbk.) :
035 ## - SYSTEM CONTROL NUMBER
System control number (StEdNL)5194462
035 ## - SYSTEM CONTROL NUMBER
System control number (Uk)016642168
040 ## - CATALOGING SOURCE
Original cataloging agency StDuBDS
Language of cataloging eng
Transcribing agency StDuBDS
Description conventions rda
Modifying agency StEdNL
-- UkOxU
041 0# - LANGUAGE CODE
Language code of text/sound track or separate title eng
-- spa
042 ## - AUTHENTICATION CODE
Authentication code ukscp
082 04 - DEWEY DECIMAL CLASSIFICATION NUMBER
Classification number 463.21 COL
Edition number 23
245 00 - TITLE STATEMENT
Title Collins Spanish dictionary & grammar /
Statement of responsibility, etc. editor, Susie Beattie.
246 30 - VARYING FORM OF TITLE
Title proper/short title Spanish dictionary & grammar
246 3# - VARYING FORM OF TITLE
Title proper/short title Collins Spanish dictionary and grammar
250 ## - EDITION STATEMENT
Edition statement Seventh edition.
264 #1 - PRODUCTION, PUBLICATION, DISTRIBUTION, MANUFACTURE, AND COPYRIGHT NOTICE
Place of production, publication, distribution, manufacture Bishopbriggs, Glasgow :
Name of producer, publisher, distributor, manufacturer HarperCollins Publishers,
Date of production, publication, distribution, manufacture, or copyright notice 2014.
300 ## - PHYSICAL DESCRIPTION
Extent xviii, 320 pages ;
Dimensions 20 cm
336 ## - CONTENT TYPE
Content type term text
Source rdacontent
337 ## - MEDIA TYPE
Media type term unmediated
Source rdamedia
338 ## - CARRIER TYPE
Carrier type term volume
Source rdacarrier
500 ## - GENERAL NOTE
General note Includes index.
500 ## - GENERAL NOTE
General note "In colour"--Cover.
546 ## - LANGUAGE NOTE
Language note Text in English and Spaish.
650 #0 - SUBJECT ADDED ENTRY--TOPICAL TERM
Topical term or geographic name entry element Spanish language
Form subdivision Dictionaries
General subdivision English.
650 #0 - SUBJECT ADDED ENTRY--TOPICAL TERM
Topical term or geographic name entry element English language
Form subdivision Dictionaries
General subdivision Spanish.
650 #0 - SUBJECT ADDED ENTRY--TOPICAL TERM
Topical term or geographic name entry element Spanish language
General subdivision Grammar.
700 1# - ADDED ENTRY--PERSONAL NAME
Personal name Beattie, Susie,
Relator term editor.
942 ## - ADDED ENTRY ELEMENTS (KOHA)
Source of classification or shelving scheme
Koha item type Reference
Holdings
Withdrawn status Lost status Source of classification or shelving scheme Damaged status Not for loan Collection code Permanent Location Current Location Shelving location Date acquired Full call number Barcode Date last seen Price effective from Koha item type
          Reference KH8 Senior School Library KH8 Senior School Library Reference 2019-08-14 463.21 COL 3KHSL000100066 2019-08-14 2019-08-14 Reference

Powered By KH8 IT Dept